000 00631nam a2200181Ia 4500
008 100920s9999 xx 000 0 und d
082 _b31807
_a891.463.1 थ 75
100 _aपानवलकर श्री.दा.
245 _aएका नृत्याचा जन्म.
260 _bमौज प्रकाशन-गृह,मुंबई.
_c1975
300 _a143
_bसाधी
365 _b15
520 _aलघुकथा.
630 _aएका नृत्याचा जन्म.
650 _aलघुकथा.
730 _aएका नृत्याचा जन्म.
942 _cBOOK
999 _c686922
_d686919